[Event "Far East Bank op"]
[Site "Manila"]
[Date "1990.05.30"]
[Round "3"]
[White "Dondon, Josito C"]
[Black "Villavieja, Edgar"]
[Result "0-1"]
[WhiteElo "2115"]
[BlackElo "1942"]
[PlyCount "108"]
[EventDate "1990.05.28"]
[EventType "swiss"]
[EventRounds "11"]
[EventCountry "PHI"]
[SourceTitle "EXT 2015"]
[Source "ChessBase"]
[SourceDate "2014.11.20"]
[SourceVersion "1"]
[SourceVersionDate "2014.11.20"]
[SourceQuality "1"]

1. c4 g6 2. Nc3 Bg7 3. Nf3 Nf6 4. e4 d6 5. d4 0-0 6. Be2 e5 7. d5 Na6 8. Bg5 h6 9. Bh4 g5 10. Bg3 Bg4 11. Nd2 Qd7 12. h3 Bxe2 13. Qxe2 c6 14. Nf1 cxd5 15. cxd5 Nc5 16. h4 g4 17. h5 a5 18. f3 Rab8 19. Ne3 b5 20. Nxg4 b4 21. Nd1 b3 22. a3 Rfc8 23. Nge3 Na4 24. Bf2 Rc7 25. g4 Nh7 26. Bh4 Rbc8 27. 0-0 f6 28. Qd3 Nc5 29. Qc4 Ng5 30. Bxg5 fxg5 31. Nc3 a4 32. Nf5 Bf8 33. Qb5 Qd8 34. Rac1 Rb7 35. Qe2 Qa5 36. Rfd1 Nd7 37. Kh1 Rbc7 38. Rb1 Rc5 39. Qd3 Nb6 40. Ne3 Nc4 41. Nxc4 Rxc4 42. Ne2 Be7 43. Qd2 Qa7 44. Nc3 Bd8 45. Qe2 Ba5 46. Rd3 Qc5 47. Rc1 Qa7 48. Kg2 Kg7 49. Kh3 Qf7 50. Qe3 Qf4 51. Qxf4 gxf4 52. Kg2 Kf6 53. Kf1 Bxc3 54. bxc3 Rxc3 0-1